000 00393nam a22001697a 4500
005 20160614152412.0
008 160614b xxu||||| |||| 00| 0 eng d
020 _a81-7808-062-1
041 _aeng
082 _b7534
100 _aBirley, Sue & Musika Daniel F
_91914
245 _aMastering Enterprise
260 _bViva Books
300 _a367
650 _aManagement
_9241
942 _cBK
999 _c2692
_d2691